000 00550nam a22001697a 4500
999 _c172495
_d172495
005 20200206120120.0
010 _aENG-127659
020 _a9789353433949
_c799.00
035 _aEN-111191
037 _bDBAD/PUB
082 _a004
245 _aGATEComputer Science and information 2020:
_cgraduate aptitude test in engineering/
260 _aNoida
_bPearson
_c2019
270 _bNoida
_a15th floor,Tower-B,World Trade Tower,plot no.1,Block-c,sector 16
_e201301
300 _avarious pages
_b25cm(pbk)
942 _2ddc
_cEN
_h004
_mCOM